| 000 | 00783nam a2200217 4500 | ||
|---|---|---|---|
| 003 | CO-ViMGA | ||
| 020 | _a9789589076897 | ||
| 040 |
_aCO-ViMGA _bspa _cCO-ViMGA |
||
| 082 | 0 | 4 |
_a617 _bA71o. |
| 100 | 1 |
_aArango Simoni, Kevin _94734 |
|
| 245 | 1 | 0 |
_aOftalmología / _cKevin Arango Simoni, Luis Fernando Mejía Echavarría, Juan Carlos Abad Londoño. |
| 250 | _a2a. ed. | ||
| 260 |
_aMedellín, Colombia : _bCorporación para investigaciones Biológicas, _c2013. |
||
| 300 |
_a587 p. : _bIl laminas, dibujos. ; 22 cm. _eIncluye CD |
||
| 490 | _aFundamentos de cirugía | ||
| 500 | _aGuía de medicamentos oftalmológicos. | ||
| 650 | 1 | 4 |
_aCiencias Médicas. _94574 |
| 700 | 1 |
_aAbad Londoño, _ecoaut. _94736 |
|
| 700 | 1 |
_aMejia Ecavarría, Luis Fernando _ecoaut. _94735 |
|
| 942 |
_2ddc _cBK |
||
| 999 |
_c35823 _d35823 |
||